Normal view
MARC view
- Computer systems/ communication systems
Entry Topical Term
001 - CONTROL NUMBER
- control field: 789
003 - CONTROL NUMBER IDENTIFIER
- control field: NUST
005 - DATE AND TIME OF LATEST TRANSACTION
- control field: 20170515172627.0
008 - FIXED-LENGTH DATA ELEMENTS
- fixed length control field: 170515|| aca||aabn | a|a d
040 ## - CATALOGING SOURCE
- Original cataloging agency: NUST
- Transcribing agency: NUST
150 ## - HEADING--TOPICAL TERM
- Topical term or geographic name entry element: Computer systems/ communication systems
670 ## - SOURCE DATA FOUND
- Source citation: Work cat.: (NUST)24246: John R Freer 788, Computer Commnications and networks, c1988
